000
00289nam a22001337a 4500
008
181024b xxu||||| |||| 00| 0 eng d
020
_a
2740330034259
041
_a
eng
080
_a
820
100
_a
21
101
_a
GJL
245
_a
Subject & Strategy
_c
Eschholz,P
942
_2
udc
_c
BK
999
_c
50799
_d
50799